Aplikácia zásad TQM pre skúšobné a kalibračné laboratória

Salvato in:
Dettagli Bibliografici
Autore principale: Hradská, Anna (Autore)
Altri autori: Palenčár, Jakub (Relatore della tesi)
Natura: Manoscritto Libro
Lingua:slovacco
Pubblicazione: 2021
Soggetti:
Accesso online:http://is.stuba.sk/zp/portal_zp.pl?podrobnosti=151043
Tags: Aggiungi Tag
Nessun Tag, puoi essere il primo ad aggiungerne!!

MARC

LEADER 00000ntm a22000003a 4500
001 stuzp83888
003 SK-STU
005 20210612212301.0
007 ta
008 150427s2015----xo-----f-mn---000-0-slo-d
040 |a STU  |b slo 
041 0 |a slo 
100 1 |a Hradská, Anna  |u 020020  |k Z4  |4 aut  |U SjF Strojnícka fakulta  |T SjF Ústav automatizácie, merania a aplikovanej informatiky  |X 82820  |U J0020  |Y 802  |7 82820 
242 0 1 |a Application of TQM principles for testing and calibration laboratories  |y eng 
245 1 0 |a Aplikácia zásad TQM pre skúšobné a kalibračné laboratória 
260 |c 2021 
650 4 |a TQM  |2 slo 
650 4 |a model EFQM  |2 slo 
650 4 |a kalibračné laboratórium  |2 slo 
650 4 |a skúšobné laboratórium  |2 slo 
650 4 |a kvalita  |2 slo 
650 4 |a quality  |2 eng 
650 4 |a EFQM model  |2 eng 
650 4 |a TQM  |2 eng 
650 4 |a calibration laboratory  |2 eng 
650 4 |a testing laboratory  |2 eng 
700 1 |a Palenčár, Jakub  |u 020020  |k Z1  |4 ths  |U SjF Strojnícka fakulta  |T SjF Ústav automatizácie, merania a aplikovanej informatiky  |X 75966  |U J0020  |Y 802  |7 75966 
856 4 |u http://is.stuba.sk/zp/portal_zp.pl?podrobnosti=151043